| 000 | 00652nam a2200181 i 4500 | ||
|---|---|---|---|
| 001 | bg | ||
| 100 | 1 |
_aBalcerzak, Wojciech _d(1948- ). |
|
| 245 | 1 | 0 |
_aKinetyka rozkładu fenolu w procesie elektrochemicznego utleniania / _cW. Balcerzak. |
| 260 |
_aKraków, _c1983. |
||
| 490 | 1 |
_aZeszyt Naukowy / Politechnika Krakowska. Budownictwo Wodne i Inżynieria Sanitarna ; _vz.34 |
|
| 500 | _aNumeracja ser. gł. : nr 5. | ||
| 830 | 0 |
_aZeszyt Naukowy (Politechnika Krakowska). _pBudownictwo Wodne i Inżynieria Sanitarna ; _vz.34 |
|
| 040 | _cBPK | ||
| 041 | _apol | ||
| 080 | _a628.3:661:541.1 | ||
| 942 | _cKS | ||
| 008 | s pl f |000 0 pol | ||
| 999 |
_c22732 _d22732 |
||
| 856 |
_uhttp://koha.tu.koszalin.pl/cgi-bin/koha/opac-detail.pl?biblionumber=22732 _yKatalog online BPK |
||